000 00646nam a2200265Ia 4500
005 20260306164308.0
008 008 260114s9999 xx 000 0 eng d
020 _a9780691189444
037 _aEBOOK
040 _aCRL
040 _beng
040 _cCRL
041 _2eng
041 _aeng
084 _qCRL
100 _aIrani
245 0 _aChasing Innovation: Making Entrepreneurial Citizens In Modern India
260 _bPrinceton University Press
260 _c2019
650 _aEconomics & Finance
856 _uhttps://academic.oup.com/book/31579
942 _cEBOOK
999 _c1713543
_d1713543